PROCESAMIENTO ELECTRONICO DEL ARCHIVO DE LA DIRECCION GENERAL DEL DERECHO DE AUTOR /

Shranjeno v:
Bibliografske podrobnosti
Glavni avtor: Cantarel Gamboa, Mevelin (autor)
Drugi avtorji: Jaime Leija, Amancio (autor) (autor)
Format: Knjiga
Teme:
Oznake: Označite
Brez oznak, prvi označite!

MARC

LEADER 00000nam^a2200000^a^4500
001 000246425
005 20250521000000.0
009 20260310105536.908
037 |a Acervo Xavier Clavigero 
082 |a 346. 0482  |b CAN 
100 |a Cantarel Gamboa, Mevelin  |e (autor) 
245 1 0 |a PROCESAMIENTO ELECTRONICO DEL ARCHIVO DE LA DIRECCION GENERAL DEL DERECHO DE AUTOR /  |c MEVELIN CANTAREL GAMBOA, AMANCIO JAIME LEIJA 
264 |a México :  |b Secretaría de Educación Pública, Subsecretaría de Planeación y Coordinación Educativa, 
300 |a 10 p. 
336 |a texto  |b txt  |2 rdacontenido 
337 |a sin mediación  |b n  |2 rdamedio 
338 |a volumen  |b nc  |2 rdasoporte 
649 |a XX 
650 |a Propiedad Intelectual 
650 |a Proceso Electrónico de Datos 
650 |a Archivos 
700 |a Jaime Leija, Amancio  |e (autor) 
910 |a Fondo General 
920 |a Impresos - Libros 
930 |a Colección General 
905 |a 101 
901 |a 036309  |b IT1  |c ACC  |i 036309  |u 20250521 
902 |a https://opac.biblio.iteso.mx/vufind/Record/000246425